000 00442cam a22001575a 4500
001 J101026
008 000000s1934 xxk 000 0 eng u
035 _a(Sirsi) u101026
110 _aAuctioneers' and Estate Agents' Institute of the United Kingdom
_93789
245 _aPreliminary examination questions summer 1934.
260 _c1934
300 _a14p.
651 4 _aUnited Kingdom
_y
690 _aBusiness and management
942 _n0
999 _c99991
_d99991